Joueurs hollandais ayant joué au FC Barcelone - Statistiques

Statistiques générales
  • Ce quiz a été pris 50 fois
  • Le résultat moyen est 8 sur 22
Statistiques - réponses
Année d'arrivée Année de départ Club précédant Club suivant Nombre de match Joueurs % Correct
2019 En cours Ajax Amsterdam En cours 296 Frenkie de Jong
93%
2021 2022 Séville FC Séville FC 29 Luuk de Jong
93%
2021 2023 Olympique Lyonnais Atlético de Madrid 42 Memphis Depay
91%
1973 1978 Ajax Amsterdam Los Angeles Aztecs 180 Johan Cruyff
76%
1994 1996 FC Barcelone Atlètic Manchester United 54 Jordi Cruyff
76%
1989 1995 PSV Eindhoven Feyenoord Rotterdam 264 Ronald Koeman
46%
2016 2019 Ajax Amsterdam FC Valence 32 Jasper Cillessen
33%
2005 2006 PSV Eindhoven Bayern Munich 38 Mark Van Bommel
33%
2000 2004 Arsenal FC Pause en carrière 141 Marc Overmars
30%
1998 2004 AC Milan Newcastle United 257 Patrick Kluivert
30%
1999 2003 Ajax Amsterdam Galatasaray SK 214 Frank de Boer
28%
2011 2015 PSV Eindhoven Stoke City 36 Ibrahim Afellay
28%
1998 2001 Ajax Amsterdam Glasgow Rangers 55 Ronald de Boer
28%
2004 2004 Juventus Turin Juventus Turin 20 Edgar Davids
26%
2003 2007 Arsenal FC Feyenoord Rotterdam 154 Giovanni van Bronckhorst
22%
1998 2004 PSV Eindhoven PSV Eindhoven 292 Philip Cocu
15%
1974 1979 Ajax Amsterdam New York Cosmos 183 Johan Neeskens
4%
1998 2001 PSV Eindhoven Chelsea FC 95 Boudewijn Zenden
2%
1997 2004 AC Milan Middlesbrough FC 255 Michael Reiziger
0%
1991 1993 Ajax Amsterdam FC Girondins de Bordeaux 59 Richard Witschge
0%
1997 2000 Roda JC Kerkrade Fortuna Sittard 144 Ruud Hesp
0%
1998 2000 AC Milan Chelsea FC 61 Winston Bogarde
0%
Aucun quiz correspondant
Distribution des résultats
% des personnes avec chaque résultat
Percentile par nombre de réponses
Votre historique - résultats
Vous n’avez pas pris ce quiz